Funerales por Doña Ana Gironella de Mundet
Publicado:
San Jorge, núm. 66 (abril 1967), pàg 56 :
MARC
| LEADER | 00000nam a2200000Ia 4500 | ||
|---|---|---|---|
| 001 | |||
| 008 | 160829s9999 xx 000 0 cat d | ||
| 245 | |a Funerales por Doña Ana Gironella de Mundet | ||
| 260 | |a San Jorge, núm. 66 (abril 1967), pàg 56 | ||
| 650 | |a Gironella de Mundet, Anna |x Mort i enterrament |9 40559 | ||
| 650 | |a Exèquies |9 40549 | ||
| 650 | |a Roquer, Ramón | ||
| 901 | |a Arxiu | ||
| 942 | |n 1 | ||
| 952 | |0 0 |1 0 |4 0 |7 1 |9 49784 |a Arxiu |b Arxiu |d 2016-12-01 |l 0 |r 2016-12-01 00:00:00 |w 2016-12-01 |y ARXIU | ||
| 999 | |c 53626 |d 53626 | ||